Glee Season Two Quiz - Statistics

General Stats
  • This quiz has been taken 178 times
  • The average score is 17 of 22
Answer Stats
Hint Answer % Correct
What is the name of the new kid Finn recruits for New Directions in "Audition"? Sam
99%
Which one of the Glee kids is homeless? Sam
99%
Which couple sings "Damn it, Janet" in "The Rocky Horror Glee Show"? Finn and Rachel
96%
Who accidentally breaks Rachel's nose while dancing in "Born this Way"? Finn
93%
Who breaks up with Quinn in "Funeral"? Finn
93%
What Warbler first steals Kurt's heart in "Never Been Kissed"? Blaine
90%
Who gets married in "Furt"? Burt and Carole
90%
Which to Glee kids sing "Need You Now" in "The Sue Sylvester Shuffle"? Rachel and Puck
87%
What is the name of the substitute teacher in "The Substitute"? Holly Holliday
83%
Who returns to McKinley High in "Sexy"? Holly Holliday
83%
What do Finn and Rachel do to ruin their chance at winning Nationals in "New York"? They kiss
82%
Who brings up the idea of a Britney Spears themed program in "Britney/Brittany"? Kurt
80%
Who gets trapped in a Port-a-Potty in "Special Education"? Puck
76%
While performing what song does Brittany throw-up in "Blame it on the Alcohol"? Tik Tok
76%
Where does Finn see Jesus in "Grilled Cheesus"? In his grilled cheese.
75%
What winning song do Sam and Quinn sing in "Duets"? Lucky
70%
What disease passes from Santana to Finn to Quinn in "Silly Love Songs"? Mono
66%
Who returns just in time for Rachel's junior prom in "Prom Queen"? Jesse
60%
What iconic Glee duet do Kurt and Blaine sing in "A Very Glee Christmas"? Baby It's Cold Outside
57%
What two groups are struggling to raise money in "A Night of Neglect"? The Brainiacs and New Directions
56%
Who do Sam and the other Glee guys take inspiration from in "Comeback"? Justin Bieber
51%
What duet do Kurt and Blaine sing at Regionals in "Original Song"? Candles
45%
No matching quizzes found
Score Distribution
Percent of People with Each Score
Percentile by Number Answered
Your Score History
You have not taken this quiz